00538nam a2200085Ia 4500008004100000245005000041300027400091650001100365856007600376170517s9999 xx 000 0 und d aNo Logo: Brands, Globalization and Resistance aIn the age of the brand, logos are everywhere. But why do some of the world's best-known brands find themselves on the wrong end of the spray paint can -- the targets of anti-corporate campaigns by activists and protesters? No Logo, based on the best-selling book by... xMedia. uhttp://topdocumentaryfilms.com/no-logo-brands-globalization-resistance/